Dairy technology: priciples of milk properties and processes

Tallennettuna:
Bibliografiset tiedot
Päätekijät: Walstra, P (Tekijä), Geurts, T. J (Tekijä), Noomen, A (Tekijä), Jellema, A (Tekijä), Boekel, M. A. J. S. van (Tekijä)
Aineistotyyppi: Kirja
Kieli:englanti
Julkaistu: Nueva York Marcel Dekker 1999
Sarja:Food Science and Technology, 90
Aiheet:
Tagit: Lisää tagi
Ei tageja, Lisää ensimmäinen tagi!

MARC

LEADER 00000nam a2200000 a 4500
001 UCN5246
003 CL-VaPUC
008 010824e19990000US |||||||||||||||||eng|d
082 0 4 |a 637.1  |b WAL  |2 21 
100 0 |a Walstra, P  |e author  |9 461326 
700 0 |a Geurts, T. J  |e author  |9 461327 
700 0 |a Noomen, A  |e author  |9 461328 
700 0 |a Jellema, A  |e author  |9 461329 
700 0 |a Boekel, M. A. J. S. van  |e author  |9 461330 
245 1 0 |a Dairy technology: priciples of milk properties and processes 
300 |a 727 p 
942 |c BK 
945 |d 20010824 00:00:00  |a cmena 
260 |a Nueva York  |b Marcel Dekker  |c 1999 
650 7 |a INDUSTRIA LECHERA  |2 CL-VaPUC  |9 259749 
650 7 |a LECHE - COMPOSICION QUIMICA  |2 CL-VaPUC  |9 461331 
650 7 |a LECHE - MICROBIOLOGIA  |2 CL-VaPUC  |9 461332 
650 0 |a Productos lácteos   |9 259521 
650 7 |a QUESO  |2 CL-VaPUC  |9 362346 
583 |a last modification  |c 20010824 00:00:00  |k Rodrigo Vera 
490 0 |a Food Science and Technology, 90 
999 |c 296900  |d 296898 
952 |0 0  |1 0  |2 ddc  |4 0  |6 637_100000000000000_WAL_1999  |7 0  |8 A  |9 351182  |a BIBALI  |b BIBALI  |c GEN  |d 2019-11-21  |i 3692329  |l 1  |o 637.1 WAL 1999  |p 3692329  |r 2025-03-25  |s 2025-03-25  |w 2019-11-21  |y BK  |k ALI